The Little Green Data Book 2007 (Record no. 14389)

000 -LEADER
fixed length control field 01187cam a22002894a 4500
020 ## - INTERNATIONAL STANDARD BOOK NUMBER
ISBN 0821369679
020 ## - INTERNATIONAL STANDARD BOOK NUMBER
ISBN 9780821369685
040 ## - CATALOGING SOURCE
Transcribing agency DDC
082 ## - DEWEY DECIMAL CLASSIFICATION NUMBER
Classification number 330 WOR 2007 A065 Or.
110 2# - MAIN ENTRY--CORPORATE NAME
Corporate name or jurisdiction name as entry element World Bank.
245 14 - TITLE STATEMENT
Title The Little Green Data Book 2007
260 ## - PUBLICATION, DISTRIBUTION, ETC. (IMPRINT)
Place of publication Washington, D.C. :
Name of publisher The World Bank,
Year of publication 2007.
300 ## - PHYSICAL DESCRIPTION
Number of Pages 1 online resource (240 p.)
490 1# - SERIES STATEMENT
Series statement World Development Indicators
520 3# - SUMMARY, ETC.
Summary, etc This pocket-sized reference on key environmental data for over 200 countries includes key indicators on agriculture, forestry, biodiversity, energy, emission and pollution, and water and sanitation. The volume helps establish a sound base of information to help set priorities and measure progress toward environmental sustainability goals.
650 #4 - SUBJECT ADDED ENTRY--TOPICAL TERM
Topical Term Climate Change.
650 #4 - SUBJECT ADDED ENTRY--TOPICAL TERM
Topical Term Energy.
650 #4 - SUBJECT ADDED ENTRY--TOPICAL TERM
Topical Term Energy and Environment.
650 #4 - SUBJECT ADDED ENTRY--TOPICAL TERM
Topical Term Energy Production and Transportation.
650 #4 - SUBJECT ADDED ENTRY--TOPICAL TERM
Topical Term Environment.
650 #4 - SUBJECT ADDED ENTRY--TOPICAL TERM
Topical Term Environment and Energy Efficiency.
650 #4 - SUBJECT ADDED ENTRY--TOPICAL TERM
Topical Term Health, Nutrition and Population.
650 #4 - SUBJECT ADDED ENTRY--TOPICAL TERM
Topical Term Population Policies.
710 2# - ADDED ENTRY--CORPORATE NAME
Corporate name or jurisdiction name as entry element World Bank.
856 40 - ELECTRONIC LOCATION AND ACCESS
Uniform Resource Identifier http://elibrary.worldbank.org/content/book/9780821369678
942 ## - ADDED ENTRY ELEMENTS (KOHA)
Koha item type សៀវភៅភាសាអង់គ្លេស
952 ## - LOCATION AND ITEM INFORMATION (KOHA)
Withdrawn status [LOCAL, KOHA] 0
Holdings
Permanent Location Date acquired Koha item type Lost status Shelving location Barcode Current Location Full call number
Library Block A2017-10-16សៀវភៅភាសាអង់គ្លេស A065A21269Library Block A330 WOR 2007 A065 Or.
មជ្ឈមណ្ឌលឯការនៃសាកលវិទ្យាល័យភូមិន្ទកសិកម្មចំការដូង

Powered by Koha